Luyện âm tiếng Anh: Ship or Sheep? : Trình độ trung cấp=An intermediate pronunciation course

সংরক্ষণ করুন:
গ্রন্থ-পঞ্জীর বিবরন
প্রধান লেখক: Baker, Ann
বিন্যাস: গ্রন্থ
ভাষা:Undetermined
প্রকাশিত: Thành phố Hồ Chí Minh Nhà xuất bản Thành phố Hồ Chí Minh 2008
বিষয়গুলি:
ট্যাগগুলো: ট্যাগ যুক্ত করুন
কোনো ট্যাগ নেই, প্রথমজন হিসাবে ট্যাগ করুন!
Thư viện lưu trữ: Trung tâm Học liệu Trường Đại học Cần Thơ
LEADER 00784nam a2200217Ia 4500
001 CTU_192547
008 210402s9999 xx 000 0 und d
020 |c 26000 
082 |a 428 
082 |b B168 
100 |a Baker, Ann 
245 0 |a Luyện âm tiếng Anh: Ship or Sheep? : 
245 0 |b Trình độ trung cấp=An intermediate pronunciation course 
245 0 |c Ann Baker ; Nguyễn Thành Yến dịch 
260 |a Thành phố Hồ Chí Minh 
260 |b Nhà xuất bản Thành phố Hồ Chí Minh 
260 |c 2008 
650 |a English language,English language 
650 |x Pronunciation,Study and teaching,Textbooks for foreign speakers 
904 |i Năm(Tuyen) 
980 |a Trung tâm Học liệu Trường Đại học Cần Thơ